000
00252nam a2200109Ia 4500
008
200302s9999 xx 000 0 und d
100
_a
Nadia Choucha
245
_a
Surrealism & the Occult
260
_b
Destiny Books
260
_c
1992
300
_a
134 P.,
999
_c
1529
_d
1529